<?xml version="1.0" encoding="UTF-8"?>
<collection xmlns="http://www.loc.gov/MARC21/slim">
 <record>
  <leader>00883pamaa2200229   4500</leader>
  <controlfield tag="001">0000052251</controlfield>
  <controlfield tag="005">20140226090000.0</controlfield>
  <controlfield tag="008">140228s2012                                  </controlfield>
  <datafield tag="020" ind1="0" ind2="0">
   <subfield code="a">9787513210355 (CD-ROM) </subfield>
  </datafield>
  <datafield tag="090" ind1="0" ind2="0">
   <subfield code="a">RA781.8 </subfield>
   <subfield code="b">LIU 2012</subfield>
  </datafield>
  <datafield tag="100" ind1="1" ind2="1">
   <subfield code="a">Liu Tian Jun </subfield>
  </datafield>
  <datafield tag="245" ind1="1" ind2="0">
   <subfield code="a">Traditional Chinese Medicine Qi Gong [</subfield>
   <subfield code="m">CD-ROM] = </subfield>
   <subfield code="l">Zhong Yi Qi Gong Xue  </subfield>
   <subfield code="c">Liu Tian Jun.</subfield>
  </datafield>
  <datafield tag="250" ind1="0" ind2="0">
   <subfield code="a">3rd ed.</subfield>
  </datafield>
  <datafield tag="260" ind1="0" ind2="0">
   <subfield code="a">Beijing: </subfield>
   <subfield code="b">China Chinese medicine press, </subfield>
   <subfield code="c">2012.</subfield>
  </datafield>
  <datafield tag="300" ind1=" " ind2=" ">
   <subfield code="a">1 CD-ROM; </subfield>
   <subfield code="c">4.5 inch.</subfield>
  </datafield>
  <datafield tag="500" ind1="0" ind2="0">
   <subfield code="a">In Chinese</subfield>
  </datafield>
  <datafield tag="500" ind1="0" ind2="0">
   <subfield code="a">National pharmaceutical industry Higher Education 12th Five-Year Plan textbook National TCM colleges and planning materials</subfield>
  </datafield>
  <datafield tag="500" ind1="0" ind2="0">
   <subfield code="a">To accompany text books titled &quot;Traditional Chinese Medicine Qi Gong = Zhong Yi Qi Gong Xue / Liu Tian Jun&quot;</subfield>
  </datafield>
  <datafield tag="501" ind1="0" ind2="0">
   <subfield code="a">CTCM</subfield>
  </datafield>
  <datafield tag="650" ind1="0" ind2="0">
   <subfield code="a">Qi gong </subfield>
  </datafield>
  <datafield tag="650" ind1="0" ind2="0">
   <subfield code="a">Medicine, Chinese </subfield>
  </datafield>
  <datafield tag="901" ind1=" " ind2=" ">
   <subfield code="u">http://www.cptcm.com</subfield>
  </datafield>
 </record>
</collection>
